Oesterreichische Reichshälfte Niederösterreich /
Elmentve itt :
| Szerző: | |
|---|---|
| Dokumentumtípus: | Cikk |
| Megjelent: |
1872
|
| Sorozat: | Kolligátum
|
| Kulcsszavak: | Földrajz - Osztrák-Magyar Monarchia |
| Online Access: | http://misc.bibl.u-szeged.hu/23993 |
| LEADER | 00575nab a2200169 i 4500 | ||
|---|---|---|---|
| 001 | misc23993 | ||
| 005 | 20191111110729.0 | ||
| 008 | 170824s1872 hu o 0|| zxx d | ||
| 040 | |a SZTE Miscellanea Repozitórium |b hun | ||
| 041 | |a zxx | ||
| 100 | 1 | |a Steinhauser Anton | |
| 245 | 1 | 0 | |a Oesterreichische Reichshälfte |h [elektronikus dokumentum] : |b Niederösterreich / |c Steinhauser Anton |
| 260 | |c 1872 | ||
| 300 | |a 53-212 | ||
| 490 | 0 | |a Kolligátum | |
| 695 | |a Földrajz - Osztrák-Magyar Monarchia | ||
| 856 | 4 | 0 | |u http://misc.bibl.u-szeged.hu/23993/1/010_020_053-212.pdf |z Dokumentum-elérés |